000 00830nab a2200253 u 4500
001 19206
003 HDC
007 cr bn ---aaaaa
008 210228c20100814xx dr|noo 0 a eng d
040 _aHDC
245 0 _aPhilippines: Food exporters advised to modify production
260 _a[No place] :
_b[publisher not identified],
_c2010
300 _a1 online resource
336 _atext
_2rdacontent
337 _acomputer
_2rdamedia
338 _aonline resource
_2rdacarrier
650 _afood market
_92245
650 _aHalal food
_zPhilippines
_916366
710 _aHalal Focus
856 _zRequest full-text at [email protected]
942 _2lcc
942 _cNEWS
942 _kNWSO 006181
999 _c16522
_d16522